000 01828cam a2200361 a 4500
999 _c125071
_d125071
001 15306065
003 ARRUPE
005 20171107083843.0
008 080527s2008 ilu b 000 0 eng
010 _a 2008022662
020 _a9780830834525 (pbk. : alk. paper)
020 _a0830834524 (pbk. : alk. paper)
035 _a(OCoLC)ocn230915597
035 _a(OCoLC)230915597
040 _aDLC
_cDLC
_dBTCTA
_dOCLCG
_dYDXCP
_dC#P
_dBWX
_dDLC
050 0 0 _aBT741.3
_b.H38 2008
082 0 0 _a261.8/324
_222
100 1 _aHauerwas, Stanley,
_d1940-
_96352
245 1 0 _aLiving gently in a violent world :
_bthe prophetic witness of weakness /
_cStanley Hauerwas & Jean Vanier ; introduction by John Swinton.
260 _aDowners Grove, Ill. :
_bIVP Books,
_cc2008.
300 _a115 p. ;
_c21 cm.
440 0 _aResources for reconciliation
_925288
504 _aIncludes bibliographical references (p. [107]-110).
505 0 _aIntroduction: Living gently in a violent world / by John Swinton -- The fragility of l'Arche and the friendship of God / by Jean Vanier -- Finding God in strange places : why l'Arche needs the church / by Stanley Hauerwas -- The vision of Jesus : living peaceably in a wounded world / by Jean Vanier -- The politics of gentleness / by Stanley Hauerwas -- Conclusion: L'Arche as a peace movement / by John Swinton.
610 2 0 _aArche (Association)
_914392
650 0 _aHuman body
_xReligious aspects
_xChristianity.
_9641
650 0 _aDisabilities
_xReligious aspects
_xChristianity.
_925289
650 0 _aChurch work with people with disabilities.
_925290
700 1 _aVanier, Jean,
_d1928-
_914391
906 _a7
_bcbc
_corignew
_d1
_eecip
_f20
_gy-gencatlg
942 _2lcc
_cMONOGRAPH